000 01469nam a2200325 i 4500
001 000030567
003 DO-SdBNP
005 20250708093114.0
007 ta
008 110524t1956 dr ac 000 0beng d
040 _aDO-SdBNP
_bspa
_cBNPHU
_erda
041 1 7 _aeng
_hspa
082 4 _a923.17293053
_bT866ve
_222
100 _aVega y Pagán, Ernesto,
_eautor
_4aut.
_957173
245 1 0 _aMilitary biography of Generalissimo Rafael Leonidas Trujillo Molina, Commander in Chief of the Armed Forces /
_cErnesto Vega y Pagán ; traducido por, Ida Espaillat ; prólogo, Rafael A. Espaillat..
246 1 0 _aBiografía militar del generalísimo doctor Rafael Leónidas Trujillo Molina :
_bbenefactor de la patria y padre de la patria nueva, comandante en Jefe de las Fuerzas Armadas de la Nación /
264 1 _aCiudad Trujillo, República Dominicana :
_bEditorial Atenas,
_c1956.
300 _a199 páginas :
_bilustraciones, retratos ;
_c23 cm.
336 _atexto
_btxt
_2rdacontent
337 _asin mediación
_bn
_2rdamedia
338 _avolumen
_bnc
_2rdacarrier
546 _aInglés
590 _aInventariado, 2025/BT
600 1 0 _aTrujillo Molina, Rafael Leónidas,
_d 1891-1961
_976764
650 4 _aFuerzas armadas
_xActividad política
_yera de Trujillo, 1930-1961
_957174
700 1 _aEspaillat, Ida,
_etraductor
_4tr.
_957175
700 1 _aEspaillat, Rafael A.,
_eprologuista
_4pr.
_957176
910 _aValidado. Control de calidad EMS.
942 _2ddc
_cLBS1
999 _c30059
_d30059